000 00536nam a2200169 a 4500
001 BRCA_1625
005 20190320203501.0
008 280508s1989----mx-a---###---#000-0#spa-#
020 _a9682906407
050 4 _aN6559.R5
_b.C38 1989
245 1 0 _aDiego Rivera
_bcatálogo general de obra de caballete.
260 _aMéxico
_bCONACULTA : Dirección General de Publicaciones : INBA
_c1989
300 _a339 p.
_bil.
_c27 cm.
504 _aBibliografía: p. 333-338
600 1 4 _aRivera, Diego
_d1886-1957
_vCatálogos
_95088
942 _2lcc
_cB
999 _c1431
_d1431